00413 2200157 4500245009100000250001100091100001800102650001800120650001900138005001900157260002500176041001400201084001000215300002100225336000900246 aMenu Resep Pilihan Keluarga b : Cara Mudah Membuat Pei & QuichecIsson KhairulhText aCet. 1 aIsson Khairul aResep Makanan aPei dan Quiche a20230525110758 aJakartabDian Rakyat aIndonesia a641.5 a34 hlm. :cilus. atext